| 000 | 00863nam a22002657a 4500 | ||
|---|---|---|---|
| 001 | 4993 | ||
| 003 | FISKH | ||
| 005 | 20250828151608.0 | ||
| 008 | 241030b cb ||||| |||| 00| 0 eng d | ||
| 020 | _a9780590451581 | ||
| 040 |
_aFISKH _beng _cFISKH _dFISKH |
||
| 050 | _aF593 | ||
| 082 | _a978.02 | ||
| 100 | _aLevine, Ellen | ||
| 245 |
_aIf you traveled West in a covered wagon / _cBy Ellen Levine : Illustrated By Elroy Freem |
||
| 250 | _aThis edition first printing, September 2006 | ||
| 260 |
_aNew York : _bScholastic , _c1986. |
||
| 300 |
_a80 pages : _bcolor illustrations ; _c20 cm . |
||
| 490 | _aIf you... (1850) | ||
| 520 | _aTells you what it was like to be a pioneer and travel west to Oregon in the 1840s. | ||
| 650 |
_aWestward Expansion _vNon-Fiction |
||
| 700 |
_aFreem, Elroy _eillustrator |
||
| 942 |
_2ddc _cBK _n0 |
||
| 999 |
_c4993 _d4993 |
||